Sweeney Todd - My Friends - Missing Lyrics - Statistics

General Stats
  • This quiz has been taken 85 times
  • The average score is 23 of 28
Answer Stats
Answer % Correct
These are my {friends}
100%
I'm your friend {too}, Mr Todd
97%
See how they {glisten}
96%
See this one {shine}
96%
Well I've come {home}
94%
Like {me}, my friend
93%
To find you {waiting}
93%
If you only {knew}, Mr Todd
91%
In the {light}
90%
{Speak} to me friend
90%
And we'll do {wonders}
87%
Friends, you'll soon drip {rubies}
87%
Home and we're {together}
87%
Ooh Mr Todd, you're {warm} in my hand
87%
You grow {warm} in my hand, my friend
87%
AT LAST, MY {ARM} IS COMPLETE AGAIN!
81%
My {faithful} friend
81%
You've been {locked} out of sight all these years
78%
How he {smiles}
77%
{Whisper}, I'll listen
77%
You'll soon drip {precious rubies}
77%
Always had a {fondness} for you, I did
75%
{Rest} now my friends
67%
'Till now your shine was merely {silver}
67%
My {lucky} friends
62%
Soon I'll {unfold} you
55%
Soon you'll have {splendours} you never have dreamed all your days
52%
{Splendours} you never have dreamed all your days will be yours
52%
No matching quizzes found
Score Distribution
Percent of People with Each Score
Percentile by Number Answered
Your Score History
You have not taken this quiz